| 000 | 01093nam a2200277Ia 4500 | ||
|---|---|---|---|
| 003 | OSt | ||
| 005 | 20221005105943.0 | ||
| 006 | a|||||r|||| 00| 0 | ||
| 007 | ta | ||
| 008 | 221004b |||||||| |||| 00| 0 pan d | ||
| 020 |
_a817201757X (hbk) _c200 |
||
| 024 | _a92169 | ||
| 037 |
_b543, 19/03/2009, Vani Prakashan _cTextual |
||
| 040 |
_aCRL _cCRL _bpan |
||
| 041 |
_2pan _apan |
||
| 082 | _aO153,1N46x, 152N4 | ||
| 100 | _aटिवाणा, मंजीत, अनु. | ||
| 245 | 0 | _aउनींदा वर्तमान | |
| 246 | _aUnīandā vartamāna | ||
| 260 |
_aनई दिल्ली _bसाहित्य अकादेमी भारत _c1994 |
||
| 300 |
_a57पृ0 _ccm. |
||
| 490 | _aसाहित्य अकादेमी द्वारा पुरस्कृत पंजाबी कविता संकलन | ||
| 650 | _aपंजाबी निबंध | ||
| 942 |
_hO153,1N46x, 152N4 _cTEXL _2cc |
||
| 999 |
_c1017345 _d1017345 |
||